000 01262nam a22001817a 4500
008 160608b xxu||||| |||| 00| 0 eng d
082 _a706
_bG216p
100 _aFernando José García Barros
_95197
245 _aProyecto mARTadero, vivero de las artes
_b un espacio ejemplar de gestión cultural
_cFernando José García Barros
260 _aCochabamba
_bFAUTAPO
_c2009.
300 _a119 pag
_b ill. col
_c22 cm
505 _tA modo de introducción: Creando espacios para la cultura y el desarrollo.
_tPrimera Parte : El pasado
_tUn lugar lleno de memorias
_tPragmáticos, eclécticos y académicos: el sueño del progreso en el primer tercio del siglo.
_tMiguel Tapias, Miguel Tapias, constructor del progreso
_tEl nuevo matadero municipal
_tSegunda Parte: El presente
_tEl II Conart 2004 como detonante
_tLa apropiación social del patrimonio
_tEspacios para el encuentro
_tTercera parte: El futuro
_tUn proyecto para la corresponsabilidad
_tCo-incidencias: redes, nexos y articulaciones
_tEstrategias de futuro
_tCronología
_tAnexos: La yapa...
653 _aArte Boliviano
653 _aPropiedad Cultural-Bolivia
653 _aPatrimonio intangible - Bolivia
653 _aArte-Facilidades-Bolivia-Cochabamba
700 _aFernando José García Barros
_95198
999 _c952
_d952